Žijú medzi nami

Bibliographic Details
Format: Article
Language:Slovak
PhysicalDescription:Fotogr.
Subjects:

MARC

LEADER 00000nab a2200000 ar4500
001 vtls009963231
003 SK-MaSNL
005 20260303161836.0
008 091023c2009 xo wr|p|||||||000 b|slo
038 |a PPPK 
040 |a PPPKCL  |b slo  |c PPPKCL  |e AACR2 
041 0 |a slo 
044 |a xo  |c SK 
080 |a 929-027.541  |x (437.671)  |2 2001 
080 |a 027.5  |2 2001 
245 0 0 |a Žijú medzi nami  |c [text a foto] (mna) 
300 |b Fotogr. 
600 1 7 |a Bednár, Jozef  |2 pppkcl  |9 444563 
610 2 7 |a Podtatranská knižnica (Poprad, Slovensko)  |2 pppkcl  |9 32800 
611 2 7 |a Žijú medzi nami  |g podujatie  |d (2009 :  |c Poprad, Slovensko)  |2 pppkcl  |9 1184729 
648 7 |a 29.9.2009  |2 pppkcl  |9 1184730 
650 0 7 |a besedy  |2 pppkcl  |9 285511 
650 0 7 |a osobnosti  |2 pppkcl  |9 29820 
651 7 |a Poprad (Slovensko)  |2 pppkcl  |9 20155 
773 0 |t Podtatranské noviny  |g Roč. IIL, č. 41 (2009), s. 6 
852 |a PPPK  |b KIS3GCP 
999 |c 2051086  |d 2053016